000 00324nam a2200145Ia 4500
008 240830s1901 xx 000 0 und d
041 _aeng
082 _a0 YAD
100 _aYADAVASHARMANA
245 _aCHARAK SAMHITA
260 _bN.D.
_c1901
650 _aSANSKRIT SAMHITA
906 _aN.D.
999 _c1191316
_d1191316